| 000 | 00696nam a22002297a 4500 | ||
|---|---|---|---|
| 999 |
_c15246 _d15246 |
||
| 003 | MIRAKIL | ||
| 005 | 20230531144315.0 | ||
| 008 | 230531b tu ||||| |||| 00| 0 tur d | ||
| 020 | _a9786054959204 | ||
| 040 |
_aTR-AnCHP _cTR-AnCHP |
||
| 041 | _atur | ||
| 082 |
_a320.9561 _bK29g 2015 |
||
| 100 | _aKazmaz, Remzi | ||
| 245 | 1 | 0 |
_aGereği düşünüldü / _cRemzi Kazmaz |
| 250 | _a2 bs. | ||
| 260 |
_aAnkara : _bChiviyazıları Yayınevi, _c2015. |
||
| 300 |
_a543 s. : _bfotğ. ; _c24 sm. |
||
| 490 | 0 |
_aChiviyazıları Yayınevi ; _aNemesis Kitaplığı ; _v449. _v 37. |
|
| 500 | _aYapıt yazarından imzalıdır. | ||
| 650 | 0 |
_99 _aSiyaset ve yönetim _xTürkiye |
|
| 942 |
_2ddc _cBKS |
||